000 00400nam a2200157Ia 4500
003 Ost
005 20260225132558.0
008 260225s9999||||xx |||||||||||||| ||und||
040 _cfsic
041 _afre
082 _a302.23
100 _akhiati mustapha
_eAuteur
245 0 _aLes comps de regroupement en algerie durant la guerre de liberation /
245 0 _ckhiati mustapha
942 _cكتاب
999 _c34577
_d34577